Statistiques concernant Les moyens de transport

Cliquez ici pour prendre le quiz!

Statistiques générales

  • Ce quiz a été pris 251 fois
  • Le résultat moyen est 14 sur 24

Statistiques - réponses

PhraseMot% Correct
En 7, Simone !voiture
97%
Prendre le 5 en marchetrain
94%
5, boulot, dodométro
89%
Un 5 à réactionavion
88%
Un 6 de Troiecheval
85%
La 5 Arianefusée
85%
Mener en 6bateau
81%
Beau comme un 6camion
78%
Le 3 alpin ou de fondski
77%
Une 7 spatialenavette
73%
La citrouille transformée en 8carrosse
70%
Les chiens aboient, la 8 passecaravane
65%
Un 7 nommé Désirtramway
63%
Bien mener sa 6barque
58%
Un 4 de coursevélo
56%
Un 4 pour Tobrouktaxi
44%
Ne tirez pas sur l' 9ambulance
42%
Le 11 de Montmartrefuniculaire
39%
Un 5 litwagon
39%
Le 7 des neigesscooter
33%
9 pour l'échafaudascenseur
22%
Maigret et l'affaire Saint-6fiacre
15%
Charger du charbon sur une 7péniche
8%
Faire 9diligence
6%

Distribution des résultats

Percentile par nombre de réponses

% des personnes avec chaque résultat

Votre développement - résultats

Vous n’avez pas pris ce quiz